000 01959nam a22002897a 4500
003 URS
005 20250113225837.0
008 250113b |||||||| |||| 00| 0 eng d
020 _a978-1-5297-6434-5
040 _bEnglish
_cURS
_erda
050 _aRT41
_b.W574 2023
100 _aWherry, Sally-Anne,
_eauthor.
_96176
245 _aComplex care in nursing /
_cSally-Anne Wherry, Nikki Buck.
264 _aLondon :
_bLearning Matters, A SAGE Publishing Company,
_c©2023.
300 _ax, 198 pages :
_billustrations ;
_c25 cm.
336 _2rdacontent
_atext
_btxt
337 _2rdamedia
_aunmediated
_bn
338 _2rdacarrier
_avolume
_bnc
504 _aIncludes bibliographical references (pages 173-192) and index.
505 _aUnderstanding complex care -- Complex care in context -- Socioeconomics in complex care -- Strategies in complex care -- Multidisciplinary management -- Shared decision-making -- Complex care in mental health / Eleri Jones -- Complex care in adults -- Complex care in learning disabilities / Sam Greedy and Nick Preddy -- Children living with complexity.
520 _aWorking with people living with complex health needs is an everyday part of the nursing role. It requires an understanding of different conditions and comorbidities, of the societal and political factors that influence them and of the health and social care services available to manage them. This book connects the dots between the biological, social, and psychological drivers that add complexity to care. From knowledge of key concepts like polypharmacy and the social and political determinants of health, to practical skills in assessment and shared decision making, this book will provide you with a holistic understanding of complex care. -- Provided by publisher.
650 0 _aNursing.
_91023
650 0 _aChronically ill
_xCare.
_96177
650 0 _aCritical care medicine.
_91444
700 _aBuck, Nikki,
_eauthor.
_96178
942 _2lcc
_cR
999 _c81835
_d81834